000 00803nac a22002777a 4500
001 BR8802426
003 BR-BrBNA
005 20240105120758.0
008 230509b bl.|||m| |||| 00| 0 por d
040 _aBR-BrBNA
_bpor
_cBiblioteca Nacional de Agricultura
072 _aN20
090 _a4650 BR8802426
100 1 _aSouza, G.M.C. de
100 1 _aTeixeira, M.M.
100 1 _aLima, S.G.E. de
110 1 _aCentro Nacional de Treinamento em Armazenagem, Vicosa, MG (Brasil)
_91871
245 1 _aDebulhador de milho a pedal
260 3 _aVicosa, MG (Brasil):
_c1986.
300 _a34 p.
490 _aSerie CENTREINAR (Brazil)
_vno. 5
_x
500 _a32 illus.
650 _aDEBULHADEIRA
650 _aMILHO
909 _a202312
_bLúcia Elande
_c55
_dLúcia Elande
942 _2AGRIS
_n0
_cMS
999 _c281352
_d281352